[Event "New York Winter Invitational IM-C 2022"]
[Site "New York"]
[Date "2022.01.16"]
[Round "6.3"]
[White "Uyanga, Byambaa"]
[Black "Eckert, Doug"]
[Result "0-1"]
[WhiteElo "2063"]
[BlackElo "2206"]
[Annotator "TA"]
[PlyCount "126"]
[EventDate "2022.01.11"]
[EventType "tourn"]
[EventCountry "USA"]
[SourceTitle "playchess.com"]
[Source "ChessBase"]
[SourceQuality "1"]

{[%evp 10,126,-2,0,17,4,0,19,8,17,108,107,110,27,36,0,202,152,242,83,85,-104,-109,-277,-295,-274,-260,-424,-437,-499,-416,-509,-508,-487,-410,-517,-387,-382,-214,-219,-202,-209,-187,-178,-191,-172,-187,-210,-201,-216,-213,-214,-209,-207,-210,-311,-318,-337,-342,-355,-306,-294,-293,-326,-322,-320,-320,-320,-320,-309,-293,-286,-285,-333,-326,-319,-319,-319,-319,-431,-308,-293,-293,-451,-432,-691,-691,-1529,-1466,-1277,-579,-29950,-29950,-29963,-29964,-29963,-29949,-29957,0,-29961,-29957,-29961,-29957,-29970,-29971,-29971,-29971,-29971,-29973,-29973,-29974,-29975,-29976,-29976,-29974,-29979,-29978,-29988,-29989]} 1. e4 e5 2. Nf3 Nc6 3. Bc4 Bc5 4. b4 Bxb4 5. c3 Ba5 6. d4 $1 b5 {6...d6 gains popularity. C52: Evans Gambit Accepted: 5 c3 Ba5.} 7. Bxb5 Nxd4 8. Nxd4 exd4 {The position is equal.} 9. O-O dxc3 (9... c6 $11 {keeps the balance.} 10. Bc4 Ne7) 10. Bc4 $1 $16 c6 {[#]} 11. Qb3 $146 (11. Qh5 d5 12. exd5 Nf6 13. Qe5+ Qe7 $14) ({White should play} 11. Qd4 $1 $16 {[%cal Rd4g7]}) ({Predecessor:} 11. Qd4 Nf6 12. Ba3 Bc7 13. Nxc3 d6 14. e5 c5 15. Qe3 Ng4 16. Qf3 Nxe5 17. Rfe1 {1-0 (96) Frois,V (1965)-Pereira,S (2305) Florianopolis 2016}) 11... Qf6 $11 12. e5 {[%mdl 1024] White has compensation.} (12. Re1 $5 {[%cal Re4e5]}) 12... Qg6 (12... Qxe5 $11 {and Black stays safe.} 13. Bxf7+ Kf8 14. Bxg8 Rxg8) 13. Ba3 Bd8 (13... c2 $16) 14. f4 $2 (14. Qxc3 Ne7 $14) (14. Nxc3 $18 {[%cal Oc3e4] And now Ne4! would win.} Ne7 15. Rfe1) 14... Ne7 $16 15. f5 $2 (15. Kh1 $16) 15... Nxf5 $17 {White is on the road to losing.} 16. Nxc3 $2 (16. Bc5 $17 {was worth a try.}) 16... Bb6+ $1 $19 17. Rf2 (17. Kh1 $2 Ng3+ $1 {[%mdl 512]} 18. hxg3 Qh6#) 17... d6 18. exd6 $2 (18. Qb2) 18... O-O (18... Bxf2+ $2 19. Kxf2 O-O 20. d7 Bxd7 21. Bxf8 Rxf8 22. Kg1 $19) 19. d7 Bxd7 20. Bxf8 Bxf2+ ({Not} 20... Kxf8 $2 21. Raf1 $19) 21. Kxf2 Rxf8 22. Re1 Nh4 23. Bf1 {[#]} Be6 (23... Bh3 $142 $1 {[%mdl 512]} 24. Ne2 Bxg2) 24. Qb4 Qf6+ 25. Kg1 Nf5 26. Ne4 Qd4+ 27. Qxd4 Nxd4 28. Nc5 Bxa2 29. Ra1 Bd5 30. Rxa7 g6 31. Nd7 Rd8 32. g4 (32. Nf6+ $142 Kg7 33. Nxd5 cxd5 34. Kf2) 32... Be6 {[%csl LRd7,LRg4]} 33. Nc5 Bxg4 34. Bc4 Ne6 35. Nd7 Bh3 36. Ne5 Rd4 37. Kf2 Re4 38. Bxe6 Bxe6 ({Avoid the trap} 38... fxe6 $2 39. Nxc6 Rg4 40. Ne7+ Kf8 41. Nc6 $19) 39. Nxc6 {[%mdl 4096] Endgame KRB-KRN} Rh4 40. Kg3 Rc4 41. Nd8 Rc3+ 42. Kf4 Bd5 {Hoping for ...f6.} 43. Ke5 Re3+ 44. Kf6 Be6 45. Ra8 {[%csl Gf6][%cal Rd8e6]} Rf3+ 46. Ke7 (46. Ke5 {is the only way for White.} Rf5+ 47. Kd6) 46... Kg7 ({Wrong is} 46... Bd5 $2 47. Ra7 $19) 47. Nxe6+ (47. Ra4 $142 Re3 48. Kd6) 47... fxe6 48. Kxe6 {KR-KR} Rf2 {Inhibits Ra2.} 49. Ra7+ Kh6 50. h4 Rf4 51. h5 g5 52. Ke5 Rh4 53. Kf5 Rf4+ 54. Ke5 Kxh5 {Black mates.} 55. Rxh7+ Kg4 56. Rg7 Ra4 57. Rb7 Kh4 58. Kf5 g4 {[%cal Bg5g4,Bg4g3,Bg3g2][%mdl 32]} 59. Rh7+ Kg3 60. Rg7 Kf3 61. Ke5 g3 62. Rb7 g2 63. Rf7+ Kg3 {Weighted Error Value: White=0.43/Black=0.31} 0-1

[Event "New York Winter Invitational IM-C 2022"]
[Site "New York"]
[Date "2022.01.16"]
[Round "6.4"]
[White "Paciorkowski, Lev"]
[Black "Dukic, Zachary"]
[Result "0-1"]
[WhiteElo "2335"]
[BlackElo "2140"]
[Annotator "TA"]
[PlyCount "64"]
[EventDate "2022.01.11"]
[EventType "tourn"]
[EventCountry "USA"]
[SourceTitle "playchess.com"]
[Source "ChessBase"]
[SourceQuality "1"]

{[%evp 22,64,0,0,15,10,19,0,0,0,-2,0,0,-28,-12,-87,-80,-177,-179,-200,-190,-422,-408,-411,-418,-413,-398,-402,-418,-424,-428,-418,-422,-424,-405,-445,-394,-607,-596,-629,-620,-627,-613,-777,-695]} 1. c4 c6 2. Nf3 d5 3. e3 Nf6 4. Nc3 a6 5. d4 b5 6. cxd5 cxd5 7. Ne5 e6 8. Bd3 Bd6 9. f4 Bb7 10. Qf3 Nbd7 11. a3 O-O 12. O-O b4 {D15: Slav Defence: 4 Nc3 a6 and gambit lines after 4 Nc3 dxc4.} 13. axb4 Bxb4 14. g4 {[#]} g6 $146 {The position is equal.} ({Predecessor:} 14... a5 15. g5 Nxe5 16. fxe5 Ne4 17. Bxe4 dxe4 18. Qg4 Kh8 19. Bd2 Bxc3 20. Bxc3 Bd5 {½-½ (36) Schandorff,L (2415)-Bang,A (2280) Naestved 1988}) 15. g5 Nxe5 16. fxe5 Nh5 17. Qg4 a5 18. Rf3 (18. Rf2 $11) 18... Ba6 $17 19. Bc2 (19. Bxa6 $17 {was called for.} Rxa6 20. Bd2) 19... Bxc3 $19 20. bxc3 Be2 21. Ba3 $2 {[#]} (21. e4 {was necessary.}) 21... Bxf3 22. Qxf3 Qxg5+ 23. Kh1 Rfc8 24. Rf1 Ra7 {[%cal Ba8a7,Ba7c7,Bc7c5][%mdl 32]} ({Stronger than} 24... Rxc3 25. Qxf7+ Kh8 26. Be7 $17) 25. Rg1 Qh4 26. Bc5 {[#]} Rxc5 27. dxc5 Rc7 28. Rb1 Qe7 29. Rb8+ (29. e4 $142) 29... Kg7 {Black is clearly winning.} 30. Bd1 Rxc5 31. Qf2 Qc7 32. Re8 Qxe5 {White did not feel at home in the position after the opening.  Weighted Error Value: White=0.64/Black=0.04 (flawless)} 0-1

[Event "New York Winter Invitational IM-C 2022"]
[Site "New York"]
[Date "2022.01.16"]
[Round "6.5"]
[White "Zeltsan, Joseph"]
[Black "Griffith, Kyron"]
[Result "1-0"]
[WhiteElo "2325"]
[BlackElo "2345"]
[Annotator "TA"]
[PlyCount "61"]
[EventDate "2022.01.11"]
[EventType "tourn"]
[EventCountry "USA"]
[SourceTitle "playchess.com"]
[Source "ChessBase"]
[SourceQuality "1"]

{[%evp 11,61,38,29,26,23,19,29,17,17,8,47,1,56,-17,-23,-31,-28,-30,0,0,0,0,0,0,0,0,68,16,28,6,7,10,129,123,136,96,368,368,361,361,361,354,1169,1073,29979,29980,29980,29981,29981,29982,29990,29991]} 1. e4 c5 2. Nf3 e6 3. d4 cxd4 4. Nxd4 Nc6 5. Nc3 Qc7 6. Be3 a6 7. Qf3 {B48: Sicilian: Taimanov: 5 Nc3 Qc7 6 Be3 a6 without Be2.} Nf6 {[%cal Of8a3]} 8. O-O-O h5 9. Nxc6 {White has an edge.} dxc6 10. Be2 e5 {[#] White must now prevent ...Bg4.} 11. h3 {Prevents Bg4.} (11. Qg3 $14) 11... b5 {[#]} (11... Be6 $11) 12. a3 $146 (12. Qg3 $14) ({Predecessor:} 12. Qg3 h4 13. Qg5 Be7 14. Qxg7 Rh7 15. Qg5 Kf8 16. Bc5 Bxc5 17. Qxf6 Be7 18. Qf3 Be6 19. Kb1 Qa5 20. b3 Qb4 21. Qd3 a5 22. Bg4 Bc4 {½-½ (22) Binas,J (2333)-Cvak,R (2350) LSS email 2017}) 12... Be6 $11 13. g4 hxg4 14. hxg4 Rxh1 (14... Bxg4 {keeps more tension.} 15. Qg2 Rxh1 16. Rxh1 Bxe2 17. Nxe2 O-O-O) 15. Qxh1 Nxg4 16. Bxg4 Bxg4 17. f3 Bd7 18. Qg1 g6 ({Black should try} 18... a5 $11) 19. Bg5 (19. Bb6 $1 $14 Bh6+ 20. Kb1) 19... a5 $1 20. a4 {[%mdl 1024] Hoping for axb5. White has compensation.} b4 21. Ne2 {[%cal Bc3e2,Be2g3,Bg3f5][%mdl 32] With the idea Qh1.} Bg7 (21... c5 $1 $11 {keeps the balance.}) 22. Qh2 $16 {White is more active.} (22. Qc5 f6 23. Be3 Qc8 $15) 22... f6 23. Qh7 $40 {[%csl LRg6,LRg7][%mdl 128] White has strong attack.} Kf7 {[%mdl 8192] A mistake that costs the game.} (23... fxg5 $16 24. Qg8+ (24. Qxg7 O-O-O $16) 24... Bf8 25. Qxg6+ Kd8) 24. Bh6 $18 Rg8 25. Rg1 g5 26. Ng3 Qa7 $2 (26... b3 27. cxb3 Be6) 27. Rd1 {[#] Threatening mate with Nh5.} Qe3+ 28. Kb1 {White mates.} Be6 29. Bxg7 Rxg7 30. Qh5+ Rg6 31. Nf5 {Weighted Error Value: White=0.16 (very precise) /Black=0.66} 1-0

[Event "New York Winter Invitational IM-C 2022"]
[Site "New York"]
[Date "2022.01.17"]
[Round "7.1"]
[White "Griffith, Kyron"]
[Black "Rahul Srivatshav P"]
[Result "1/2-1/2"]
[WhiteElo "2345"]
[BlackElo "2466"]
[Annotator "TA"]
[PlyCount "24"]
[EventDate "2022.01.11"]
[EventType "tourn"]
[EventCountry "USA"]
[SourceTitle "playchess.com"]
[Source "ChessBase"]
[SourceQuality "1"]

{[%evp 11,24,18,39,22,33,42,39,35,29,32,29,20,56,66,68]} 1. e4 c5 2. Nf3 e6 3. d4 cxd4 4. Nxd4 Nc6 5. Nc3 Qc7 6. Be3 a6 7. Qf3 {B48: Sicilian: Taimanov: 5 Nc3 Qc7 6 Be3 a6 without Be2.} Ne5 8. Qg3 h5 9. Bf4 d6 10. Bg5 b5 11. f4 {[#]} Nc6 $146 ({Predecessor:} 11... h4 12. Bxh4 b4 13. Ncb5 axb5 14. fxe5 Bd7 15. O-O-O Rxa2 16. Nb3 Rxh4 17. Qxh4 dxe5 {½-½ (58) Swiercz,D (2646)-Durarbayli,V (2608) Merida 2016}) 12. Nxc6 Qxc6 {Weighted Error Value: White=0.04 (flawless) /Black=0.10 (very precise)} 1/2-1/2

[Event "New York Winter Invitational IM-C 2022"]
[Site "New York"]
[Date "2022.01.17"]
[Round "7.2"]
[White "Dukic, Zachary"]
[Black "Zeltsan, Joseph"]
[Result "0-1"]
[WhiteElo "2140"]
[BlackElo "2325"]
[Annotator "TA"]
[PlyCount "94"]
[EventDate "2022.01.11"]
[EventType "tourn"]
[EventCountry "USA"]
[SourceTitle "playchess.com"]
[Source "ChessBase"]
[SourceQuality "1"]

{[%evp 25,94,15,6,15,8,7,14,14,16,21,21,7,14,24,57,37,150,128,175,121,127,30,369,88,70,70,65,15,35,18,122,116,241,205,220,108,95,89,135,141,129,129,136,146,130,131,123,123,131,102,80,139,135,0,0,-86,0,0,0,-96,-90,-97,-89,-90,-100,-548,-491,-1586,-807,-720,-703]} 1. d4 Nf6 2. c4 e6 3. Nf3 d5 4. Nc3 c6 5. e3 Nbd7 6. Qc2 Bd6 7. Bd3 O-O 8. O-O dxc4 9. Bxc4 b5 10. Bd3 Bb7 11. e4 e5 12. dxe5 Nxe5 13. Nxe5 Bxe5 14. h3 {D46: Semi-Slav: 5 e3 Nbd7 6 Bd3, Black avoids the Meran.} a6 15. Be3 c5 16. Bxc5 {The position is equal.} Re8 17. Rad1 {[%cal Od3b5] Black must now prevent Bxb5!} Qc7 18. Nd5 Bxd5 19. exd5 {[%cal Be4d5,Bd5d6][%mdl 32] [#]} Rad8 $146 {Inhibits d6.} ({Predecessor:} 19... Rac8 20. b4 Bh2+ 21. Kh1 Bd6 22. Rc1 g6 23. Rfd1 Bf4 24. d6 Qb8 25. Qb2 Re6 {½-½ (37) Morozov,D (2481)-Tyulenko,Y (2453) ICCF email 2020}) 20. d6 Qc6 ({Better is} 20... Qb8 $1 $14) 21. Bb4 $16 Qb7 (21... Qxc2 $16 {was worth a try.} 22. Bxc2 g6) 22. Rfe1 (22. Bf5 $1 $18) 22... g6 23. Be2 (23. Qc7 $1 $16 {[%cal Rc7b7]} Qxc7 24. dxc7) 23... Nd5 $2 {[%mdl 8192]} (23... Qb6 $1 $11 {and Black is okay.}) 24. Ba5 $2 (24. Bf3 $1 $18 Nxb4 25. Qc5 (25. Bxb7 $2 Nxc2 26. Re4 f5 $19)) 24... Rxd6 25. Bf3 Qd7 26. Qb3 (26. Bg4 $14 f5 27. Bf3) 26... Nf6 27. Rc1 $36 {[%mdl 2048] aiming for Rc7. White has the initiative.} Rd3 (27... Qf5 $11) 28. Bc6 $1 Qf5 (28... Qd6 $16 29. Bb4 Qd8) 29. Qc2 $1 $18 Re6 30. Bb7 {This bishop pair is nice.} (30. g4 $18 {and the rest is easy.} Nxg4 31. hxg4 Qxg4+ 32. Bg2) 30... Bd4 {[%cal Of6e4]} 31. Bc8 {Hoping for Rxe6.} Ne4 {[#]} 32. Rxe4 $1 $16 {[%mdl 512]} Qxe4 33. Bxe6 fxe6 34. Qc8+ Kg7 {[%cal Bg8g7,Bg7h6,Bh6g5,Bg5f4,Bf4e4,Be4f5,Bf5e6][%mdl 32]} 35. Rc7+ Kh6 36. Qf8+ Kg5 37. Rc1 {Inhibits Rd1+. White threatens Bd8+ and mate.} (37. Rxh7 Rd1+ 38. Kh2 Be5+ 39. f4+ Bxf4+) 37... Qf5 38. Bd8+ Kf4 39. Bc7+ (39. Qb4 $1 $16) 39... e5 $11 40. Qh6+ (40. Qg7 $11 Rxh3 41. gxh3) 40... Qg5 ({Black should play} 40... Ke4 $1 $17 41. Qh4+ Qf4 42. Re1+ Kf5 43. Qxf4+ exf4) 41. Qf8+ Qf5 42. Qh6+ {[#]} (42. Qe7 $11 Bxf2+ 43. Kxf2 Rd2+ 44. Ke1 (44. Kg1 Rxg2+ 45. Kxg2 Qe4+ 46. Kg1 Qe3+ 47. Kg2 Qe4+ 48. Kf1 Qf3+ 49. Kg1 Qe3+ 50. Kg2 Qf3+ 51. Kh2 Qe2+ 52. Kh1 Qf3+ 53. Kg1 Qe3+ $11) 44... Qe4+ 45. Kxd2 Qe3+ 46. Kc2 Qe4+ 47. Kc3 Qd4+ 48. Kc2 Qe4+ 49. Kd2 Qe3+ 50. Kd1 (50. Kc2 Qe4+ $11) 50... Qd3+ 51. Ke1 Qe3+ 52. Kf1 (52. Kd1 Qd3+ 53. Ke1 Qe3+ 54. Kf1 Qxc1+ 55. Kf2 Qe3+ 56. Kf1 Qc1+ 57. Kf2 Qe3+ 58. Kf1 Qc1+ $11) 52... Qxc1+ 53. Kf2 Qe3+ 54. Kf1 Qc1+ 55. Kf2 Qe3+ 56. Kf1 Qc1+) 42... Ke4 $1 $17 43. Qh4+ Qf4 $1 44. Re1+ {[#]} Kf5 $1 {Chess con chili. Active counter play!} 45. g4+ $2 {[%mdl 8192]} (45. Qg4+ $17 Qxg4 46. hxg4+ Kf4 47. Bxe5+ Bxe5 48. g3+ Kf3 49. Rxe5) 45... Ke6 $19 {Black is clearly winning.} 46. Re2 (46. Bxe5 $142 Bxe5 47. Qxh7) 46... Qf3 {( -> ...Rd1+)} 47. Re1 Rd2 {Quite a comeback for Black.  Weighted Error Value: White=0.76/Black=0.47} 0-1

[Event "New York Winter Invitational IM-C 2022"]
[Site "New York"]
[Date "2022.01.17"]
[Round "7.3"]
[White "Eckert, Doug"]
[Black "Paciorkowski, Lev"]
[Result "0-1"]
[WhiteElo "2206"]
[BlackElo "2335"]
[Annotator "TA"]
[PlyCount "78"]
[EventDate "2022.01.11"]
[EventType "tourn"]
[EventCountry "USA"]
[SourceTitle "playchess.com"]
[Source "ChessBase"]
[SourceQuality "1"]

{[%evp 13,78,31,47,41,36,45,93,42,49,48,43,42,51,40,45,25,42,20,24,21,39,8,53,-17,22,0,56,41,56,25,34,19,44,0,0,0,0,0,0,-109,-97,-104,-101,-389,-147,-286,-289,-350,-335,-408,-394,-422,-533,-567,-562,-594,-584,-693,-664,-1058,-1052,-995,-995,-1234,-1175,-1130,-1026]} 1. d4 Nf6 2. c4 g6 3. Nc3 Bg7 4. e4 d6 5. h3 O-O 6. Be3 e5 7. d5 a5 8. g4 {E71: King's Indian: 4 e4 d6 5 h3.} Na6 9. Nge2 Ne8 (9... h5 $14 {should be considered.}) 10. Ng3 (10. Qd2 $16) 10... Bf6 $14 11. Qd2 Bh4 12. Rg1 {[#]} Nc5 $146 ({Predecessor:} 12... Kh8 13. O-O-O Nc5 14. Be2 Rg8 15. g5 f5 16. f4 Bxg3 17. Rxg3 Qe7 18. h4 Nxe4 19. Nxe4 fxe4 {0-1 (30) Wagner,C (2194)-Werner,A (2125) Germany 2009}) 13. Bh6 {[%cal Og3f5]} Ng7 14. Nf5 Nxf5 (14... gxf5 $2 15. gxf5 Qf6 16. O-O-O $18 (16. Rxg7+ Kh8 $16)) 15. gxf5 Re8 16. O-O-O Kh8 17. Be2 Bd7 (17... Rg8 $1 $11 {deserves consideration.}) 18. Rg4 (18. Kb1 $14) 18... Bf6 ({Resist} 18... Bxf2 19. fxg6 Bxg4 20. Bxg4 $16) (18... gxf5 $2 19. Bg7+ Kg8 20. Rg2 $18) 19. Rdg1 Qe7 ({Better is} 19... gxf5 $11 20. Rg7 Qe7) 20. Bd3 Rg8 21. f3 Nxd3+ 22. Qxd3 Bh4 23. Rxh4 Qxh4 $11 24. Bg5 Qxh3 {And now ...h6 would win.} 25. Bf6+ Rg7 26. Nd1 {[#]} (26. Qe3 $11) 26... Qh6+ $1 $17 27. Kb1 Rag8 {aiming for ...gxf5.} 28. f4 $2 {[%mdl 8192] [#] White does not recover from this.} (28. Qe3 $17 Qxe3 29. Nxe3) 28... Qxf4 $2 (28... gxf5 $1 $19 29. Bxg7+ Rxg7 30. Rxg7 Qxg7) 29. Bxg7+ (29. Rh1 $17 h5 30. Qe2) 29... Kxg7 $19 30. Rf1 Qh4 31. f6+ Kh8 32. Ne3 g5 {[%cal Bg6g5,Bg5g4][%mdl 32] Black is clearly winning.} 33. c5 g4 34. cxd6 cxd6 35. Ng2 Qh3 36. Qe2 {[#]} Bb5 $1 {[%mdl 512]} 37. Qxb5 Qxg2 38. Re1 Qd2 39. Rh1 g3 {Weighted Error Value: White=0.71/Black=0.18 (very precise)} 0-1

[Event "New York Winter Invitational IM-C 2022"]
[Site "New York"]
[Date "2022.01.17"]
[Round "7.4"]
[White "Narayanan, Samrug"]
[Black "Uyanga, Byambaa"]
[Result "1-0"]
[WhiteElo "2320"]
[BlackElo "2063"]
[Annotator "TA"]
[PlyCount "86"]
[EventDate "2022.01.11"]
[EventType "tourn"]
[EventCountry "USA"]
[SourceTitle "playchess.com"]
[Source "ChessBase"]
[SourceQuality "1"]

{[%evp 21,86,26,25,38,41,16,31,29,35,8,8,13,31,-43,-37,-46,-52,-49,-43,-52,-53,-56,-17,-34,-42,-40,-39,-41,-19,-22,-16,-11,0,-2,0,-18,0,-32,-31,-27,-35,-47,0,-35,-28,-29,-22,-33,-24,-18,-14,-25,72,-24,0,0,18,19,17,18,185,-185,139,141,1055,772,1347]} 1. e4 c5 2. Nf3 d6 3. Bb5+ Bd7 4. Bxd7+ Qxd7 5. c4 Nc6 6. Nc3 Nf6 7. d4 cxd4 8. Nxd4 g6 9. f3 Bg7 10. Be3 O-O 11. O-O e6 12. Qd2 {B52: Sicilian: Moscow Variation with 3...Bd7.} d5 13. Nxc6 bxc6 14. e5 {White is slightly better.} Ne8 15. Bc5 {f4 is the strong threat.} (15. f4 $5 {[%cal Re3c5]}) 15... Bxe5 16. Bxf8 ({Don't play} 16. Qh6 Nd6 17. Rfe1 Nxc4 18. Bxf8 Rxf8 $19) 16... Kxf8 {[#]} 17. c5 $146 (17. Rac1 $14) ({Predecessor:} 17. cxd5 exd5 18. Rac1 Nc7 19. f4 Bg7 20. Na4 Nb5 21. Kh1 Kg8 22. Nc5 Qd6 23. Nb3 {1-0 (44) Sade,D (1954)-Sahin,H (1736) Ankara 2018}) 17... Qb7 {[%mdl 1024] Black has compensation.} 18. Rae1 Bg7 19. Na4 {[%cal Bc3a4,Ba4b2,Bb2d3][%mdl 32]} Nc7 20. Rb1 Qb5 21. b3 d4 22. Rbc1 Nd5 23. Nb2 Nc3 24. Nd3 a5 {[%cal Oc3a2]} 25. Rc2 Rd8 26. f4 Bh6 27. Rf3 Kg8 28. Rb2 {[%cal Bc2b2,Bb2b4,Bb4c4,Bc4c6][%mdl 32]} Rd5 {[%cal Oe6e5]} 29. a4 Qb8 {[%cal Oe6e5]} 30. Qc2 Bf8 31. b4 axb4 (31... Qa7 $15) 32. Rxb4 Qa7 33. Qb3 $1 Bxc5 34. Rc4 Ne4 {Hoping for ...Nd2.} 35. Qc2 {Inhibits Nd2.} Qa5 36. Rf1 Nc3 (36... Ba7 $11 {remains equal.} 37. Rxc6 Nc5) 37. Ra1 (37. Nxc5 $16 {And now Ne4 would win.} Rxc5 38. Rxd4) 37... Qa7 38. Qb3 Bd6 {[%cal Od5b5] aiming for ...Rb5!} 39. Rxc6 {Threatening Qb6.} Ne2+ 40. Kh1 Bxf4 $2 (40... Qd7 $11 41. Rc2 Nxf4) 41. Qc2 $4 {[%mdl 8192] [#]} (41. Re1 $18 {and all is fine.}) 41... Rh5 $2 42. Qxe2 $16 Rd5 $2 {[%mdl 8192]} (42... Rxh2+ $16 43. Kg1 Rh4) 43. Qc2 Rh5 {Weighted Error Value: White=0.35/Black=0.36} 1-0

[Event "New York Winter Invitational IM-C 2022"]
[Site "New York"]
[Date "2022.01.17"]
[Round "7.5"]
[White "Nakada, Akira"]
[Black "Yudasin, Leonid"]
[Result "1/2-1/2"]
[WhiteElo "2249"]
[BlackElo "2465"]
[Annotator "TA"]
[PlyCount "52"]
[EventDate "2022.01.11"]
[EventType "tourn"]
[EventCountry "USA"]
[SourceTitle "playchess.com"]
[Source "ChessBase"]
[SourceQuality "1"]

{[%evp 20,52,61,58,91,56,51,53,82,87,112,105,94,109,100,108,111,104,204,215,216,195,184,183,227,0,0,0,0,0,0,0,620,-147,995]} 1. c4 c5 2. Nf3 g6 3. e4 Bg7 4. d4 cxd4 5. Nxd4 Nf6 6. Nc3 d6 7. f3 O-O 8. Be3 Nc6 9. Be2 Bd7 10. Qd2 Nxd4 11. Bxd4 Bc6 {B38: Sicilian: Maroczy Bind with 5...Bg7 and 7...0-0.} 12. h4 h5 13. O-O-O a6 {White is slightly better.} 14. g4 {[#] White is more active.} e5 $146 ({Predecessor:} 14... hxg4 15. fxg4 e5 16. Be3 Nxe4 17. Nxe4 Bxe4 18. Rh2 d5 19. h5 d4 20. Bf2 b5 {0-1 (28) Vani,A-Mateus,A (1531) Mureck 2009}) 15. Be3 hxg4 16. Bg5 $1 {[%cal Oh4h5]} ({Of course not} 16. Qxd6 $6 Qa5 $11) 16... Qb6 17. Bxf6 Bxf6 18. fxg4 Qd4 (18... Kg7 $16) 19. Qh6 $1 $18 Bg7 20. Qg5 Qf2 {[#]} 21. Rdf1 $1 Qd4 {[#]} (21... Qb6 $142 22. h5 Qd8 23. Qxd8 Raxd8) 22. Rh3 $2 ({White should play} 22. h5 $1 $18 {[%cal Rh5h6]} f6 23. Qxg6 Qe3+ 24. Kc2) 22... Bxe4 $11 23. Rd1 Qf2 24. Rf1 Qd4 {And now ...f6 would win.} 25. Rd1 Bc6 $2 {[%mdl 8192]} 26. Re1 $2 (26. Rxd4 $18 exd4 27. Nd5) 26... Qe4 $2 {[%mdl 40960] Weighted Error Value: White=0.50/Black=0.64. An unexpected result.} 1/2-1/2

[Event "New York Winter Invitational IM-C 2022"]
[Site "New York"]
[Date "2022.01.17"]
[Round "8.1"]
[White "Rahul Srivatshav P"]
[Black "Yudasin, Leonid"]
[Result "1/2-1/2"]
[WhiteElo "2466"]
[BlackElo "2465"]
[Annotator "TA"]
[PlyCount "40"]
[EventDate "2022.01.11"]
[EventType "tourn"]
[EventCountry "USA"]
[SourceTitle "playchess.com"]
[Source "ChessBase"]
[SourceQuality "1"]

{[%evp 12,40,-27,-16,0,0,0,0,0,0,-1,0,0,-7,-11,-40,0,-43,-2,-43,0,0,0,-56,-75,-85,-81,-100,-70,-120,-129]} 1. d4 Nf6 2. c4 e6 3. Nc3 Bb4 4. a3 Bxc3+ 5. bxc3 c5 6. f3 Nc6 7. e4 b6 {E24: Nimzo-Indian: Sämisch: Unusual Black 5th moves and 5...c5 sidelines.} 8. Bg5 h6 9. Bh4 d6 {Prevents e5. The position is equal.} 10. Ne2 Na5 11. Nc1 $1 Bd7 12. Bd3 e5 {[#]} 13. d5 $146 ({Predecessor:} 13. O-O g5 14. Bg3 Nh5 15. Ne2 Nf4 16. Bf2 Nxd3 17. Qxd3 Ba4 18. Rfb1 Bb3 19. Ng3 Bxc4 {½-½ (59) Ferre Perez,A (2151)-Lecha Gonzalez,J (2207) ICCF email 2020}) 13... Qe7 14. a4 (14. O-O $11) 14... Rb8 (14... g5 $15 15. Bf2 Nh5) 15. Ra2 (15. O-O $11) 15... Kd8 (15... g5 $15 16. Bg3 Nh5) 16. O-O Kc7 17. Ne2 (17. Nb3 $11) 17... g5 18. Bf2 Nh5 {Pair of Knights!} 19. g3 Rbg8 20. Be3 {[#]} (20. Nc1 $15) 20... Nf4 $1 {[%mdl 512] Weighted Error Value: White=0.15 (very precise) /Black=0.12 (very precise)} 1/2-1/2